000 00781nac a22002651i 4500
003 EG-ScBUE
005 20240606105250.0
008 240606s2003 enka f d 001 0 eng d
020 _a1405312637
020 _a9781405312639
040 _aEG-ScBUE
_beng
_erda
_cEG-ScBUE
_dEG-ScBUE
082 0 4 _a940.3
_bWIL
_222
100 1 _aWillmott, H.P.,
_eauthor.
245 1 0 _aWorld War 1 /
_cH.P. Willmott.
264 1 _aLondon :
_bDK,
_c2003.
300 _a319 pages :
_bcolor illustrations ;
_c25 cm
336 _2rdacontent
_atext
_btxt
337 _aunmediated
_2rdamedia
_bn
338 _avolume
_bnc
_2rdacarrier
500 _aIncludes Index.
500 _aIncludes glossary.
650 7 _aWorld War, 1914-1918.
_2BUEsh
655 _vReading book
942 _cBB
_2ddc
999 _c2825
_d2825